000 00473nam a2200169 a 4500
005 20210219160446.0
008 081108s2000 mx r 000 0 spa d
020 _a9264161678
035 _aUPN01000165863
049 _aUNE
080 _aOC 338 (100) =20 "1999" OEC No.66.
245 0 0 _aOECD economic outlook, Vol. 66-1999.
260 _aParis: OECD, 1999.
300 _axii, 255 p.; 27 cm. il., retrs., fot.
690 _aCondiciones económicas
905 _aUNESCO
999 _c137975
_d137975